Wielkie tematy kultury w literaturach słowiańskich

Titel: Wielkie tematy kultury w literaturach słowiańskich
Teil: 11,2. Starość
Beteiligt: ; ; ; ; ;
Veröffentlicht: Wrocław : Wydawnictwo Uniwersytetu Wrocławskiego, 2016
Umfang: 813, [3] Seiten ; 24 cm.
Format: Buch
Sprache: Polnisch; Tschechisch; Russisch; Serbisch; Ukrainisch
Schriftenreihe/
mehrbändiges Werk:
Wielkie tematy kultury w literaturach słowiańskich ; 11,2
alle Bände anzeigen
Slavica Wratislaviensia ; 163
Acta Universitatis Wratislaviensis ; 3729
Schlagworte:
ISBN: 8322935471 ; 9788322935477
Buchumschlag
X
alg: 41570880
001A    $03004:14-08-17 
001B    $01999:03-12-25 $t15:03:20.000 
001D    $03004:14-08-17 
001U    $0utf8 
001X    $00 
002@    $0Afu 
002C    $aText $btxt $2rdacontent 
002D    $aohne Hilfsmittel zu benutzen $bn $2rdamedia 
002E    $aBand $bnc $2rdacarrier 
003@    $041570880X 
003O    $01000484903 $aOCoLC 
004A    $083-229-3547-1 
004A    $A978-83-229-3547-7 
006C    $0989767225 $aOCoLC 
007A    $041570880X $aHEB 
007G    $0DE0206402537DBFAF3819C125818A00453D24 
009P    $qapplication/pdf $A2 $3Inhaltsverzeichnis $uhttps://scans.hebis.de/HEBCGI/show.pl?41570880_toc.pdf $mV:DE-603;B:DE-Mb50 
010@    $apol $acze $arus $asrp $aukr 
010E    $erda 
011@    $a2016 
013D    $#Beiträge Formschlagwort $#Einzelbeiträge $#Sammelwerk Formschlagwort $74143413-4 $8Aufsatzsammlung [Tsz] $9085562742 
021A    $aStarość 
027A    $aStarość 
028C    $7 $8Borowski, Marcin [Tnd] $9370223837 
028C    $7 $8Bukwalt, Miłosz [Tnx] $9170933326 
028C    $#Studziżba-Komisaruk, Ewa $7 $8Komisaruk, Ewa [Tnx] $9169638235 
028C    $7 $8Woźniak, Kamila [Tnd] $9287599272 
028C    $7 $8Wójtowicz, Sylwia [Tnd] $921775077X 
028C    $71129370496 $8Změlík, Richard$Z1978- [Tp3] $9401482189 
033A    $pWrocław $nWydawnictwo Uniwersytetu Wrocławskiego 
034D    $a813, [3] Seiten 
034I    $a24 cm. 
036C    $aWielkie tematy kultury w literaturach słowiańskich $x211 $l11,2 
036D    $x211 $8Wielkie tematy kultury w literaturach słowiańskich $9084552999 
036E    $aSlavica Wratislaviensia $l163 
036E/01 $aActa Universitatis Wratislaviensis $l3729 
037A    $aLiteraturangaben 
044K    $qDNB $RBaltoslawische Sprachen $RIndogermanische Sprachen $RNichtslawische Sprachen $#Slavic languages $#Langues slaves $#Lingue slave $#Lenguas eslavas $#Slawische Sprachen $#Slavische Sprachen $#Slawisch Sprachfamilie $#Slavisch Sprachfamilie $74120036-6 $8Slawische Sprachen [Ts1] $9085381241 
044K    $RErwachsener $RÄlterer Mensch $#Age $#Older people $#Personnes âgées $#Âge $#Età $#age $#Aged $#alter Mensch $#Alter $#Alte Menschen $#Alter Mensch $#Betagter $#Senioren $#Senior ab ca. 65 Jahre $74001446-0 $8Alter [Ts1] $9084994789 
046L    $aZusammenfassungen englisch, polnisch, russisch, tschechisch, ukrainisch oder serbisch 
046L    $aText teilweise tschechisch, russisch, serbisch, ukrainisch 

lok: 41570880 24

exp: 41570880 24 1 #EPN
201B/01 $024-08-17 $t15:35:18.000 
201C/01 $014-08-17 
201U/01 $0utf8 
203@/01 $0100596646X 
208@/01 $a14-08-17 $bz 
209A/01 $a17.04936 $du $f050 $h17 04936 $x00 
209C/01 $a17.04936 T $h17 04936 T 
209G/01 $a73545242 $x00 
220C/01 $ajwa/eng 
247C/01 $8358050-7 Marburg, Bibliothek des Herder-Instituts Marburg $9102600961
LEADER 00000cam a2200000 cc4500
001 41570880X
003 DE-603
005 20251203150320.0
007 tu
008 170814s2016 xx |||| | u00||u|pol c
020 |a 8322935471 
020 |a 9788322935477 
035 |a (DE-599)HEB41570880X 
035 |a (OCoLC)1000484903 
040 |a DE-603  |b ger  |c DE-603  |d DE-603  |e rda 
041 |a pol  |a cze  |a rus  |a srp  |a ukr 
245 0 0 |a Wielkie tematy kultury w literaturach słowiańskich  |n 11,2  |p Starość 
246 1 3 |a Starość 
264 1 |a Wrocław  |b Wydawnictwo Uniwersytetu Wrocławskiego  |c 2016 
300 |a 813, [3] Seiten  |c 24 cm. 
336 |a Text  |b txt  |2 rdacontent 
337 |a ohne Hilfsmittel zu benutzen  |b n  |2 rdamedia 
338 |a Band  |b nc  |2 rdacarrier 
490 0 |a Slavica Wratislaviensia  |v 163 
490 0 |a Acta Universitatis Wratislaviensis  |v 3729 
500 |a Literaturangaben 
546 |a Zusammenfassungen englisch, polnisch, russisch, tschechisch, ukrainisch oder serbisch 
546 |a Text teilweise tschechisch, russisch, serbisch, ukrainisch 
650 7 |a Slawische Sprachen  |0 (DE-588)4120036-6  |0 (DE-603)085381241  |2 gnd 
650 7 |a Alter  |0 (DE-588)4001446-0  |0 (DE-603)084994789  |2 gnd 
655 7 |a Aufsatzsammlung  |2 gnd-content  |0 (DE-588)4143413-4  |0 (DE-603)085562742 
700 1 |a Borowski, Marcin  |0 (DE-603)370223837 
700 1 |a Bukwalt, Miłosz  |0 (DE-603)170933326 
700 1 |a Komisaruk, Ewa  |0 (DE-603)169638235 
700 1 |a Woźniak, Kamila  |0 (DE-603)287599272 
700 1 |a Wójtowicz, Sylwia  |0 (DE-603)21775077X 
700 1 |a Změlík, Richard  |d 1978-  |0 (DE-603)401482189  |0 (DE-588)1129370496  |2 gnd 
773 0 8 |q 211  |w (DE-603)084552999 
856 4 2 |m V:DE-603;B:DE-Mb50  |q application/pdf  |u https://scans.hebis.de/HEBCGI/show.pl?41570880_toc.pdf  |3 Inhaltsverzeichnis 
924 0 |9 Mb 50  |a (DE-603)100596646X  |b DE-Mb50  |c HES  |d c  |g 17.04936